Central Library OPAC University of Rajshahi

Antibiotics : (Record no. 68574)

MARC details
000 -LEADER
fixed length control field 00833nam a2200253 a 4500
001 - CONTROL NUMBER
control field 68574
003 - CONTROL NUMBER IDENTIFIER
rucl marc code BD-RjUL
005 - DATE AND TIME OF LATEST TRANSACTION
control field 20211209081804.0
008 - FIXED-LENGTH DATA ELEMENTS--GENERAL INFORMATION
fixed length control field 170403s1949 enkao 000 0 eng d
035 ## - SYSTEM CONTROL NUMBER
System control number (BD-RjUL)68784
System control number 2932649
040 ## - CATALOGING SOURCE
Original cataloging agency ANL
Language of cataloging eng
Transcribing agency ANL
Modifying agency BD-RjUL
041 ## - LANGUAGE CODE
Language code of text/sound track or separate title eng
082 ## - DEWEY DECIMAL CLASSIFICATION NUMBER
Edition number 23
Classification number 615.7922
Author mark and year ANT 1949
245 00 - TITLE STATEMENT
Title Antibiotics :
Remainder of title A survey of penicillin, streptomycin, and other antimicrobial substances from fungi, actinomycetes, bacteria, and plants /
Statement of responsibility, etc. H. W. Florey ... [et. al.]
260 ## - PUBLICATION, DISTRIBUTION, ETC. (IMPRINT)
Place of publication, distribution, etc. London :
Name of publisher, distributor, etc. Oxford University Press,
Date of publication, distribution, etc. 1949
300 ## - PHYSICAL DESCRIPTION
Pagination V. :
Illustrations ill. ;
Size 25 cm
490 ## - SERIES STATEMENT
Series statement Oxford medical publications.
505 ## - FORMATTED CONTENTS NOTE
Formatted contents note Vol.1
650 ## - SUBJECT ADDED ENTRY--TOPICAL TERM
Topical term or geographic name as entry element Anti-bacterial agents.
9 (RLIN) 203252
700 ## - ADDED ENTRY--PERSONAL NAME
Personal name Florey, H. W.
830 ## - SERIES ADDED ENTRY--UNIFORM TITLE
Uniform title Oxford medical publications.
942 ## - ADDED ENTRY ELEMENTS (KOHA)
Source of classification or shelving scheme Dewey Decimal Classification
Koha item type Books
Holdings
Lost status Source of classification or shelving scheme Damaged status Not for loan Collection code Permanent Location Current Location Shelving location Date acquired Source of acquisition Total Checkouts Full call number Date last seen Copy number Koha item type
  Dewey Decimal Classification   Not For Loan Non-fiction Central Library, University of Rajshahi Central Library, University of Rajshahi Reading Room 21/05/1962 Colombo Plan   615.7922 ANT V-1 1949 03/04/2017 C-1 Books